Statistics for Disney Cars Quiz (HARD)

Click here to take the quiz!

General Stats

  • This quiz has been taken 224 times
  • The average score is 9 of 40

Answer Stats

HintAnswer% Correct
How many Piston Cups has the King won?7
86%
What Cozy Cone does McQueen stay inNumber 1
86%
True or False: Every third blink is slower.True
76%
What color was Mater originally?Blue
64%
What place does McQueen get in the race?Last
51%
What animal is Frank based off of?A bull
47%
What year did Doc win his first Piston Cup?1951
43%
How many laps are in the final race?200
41%
What is the name of McQueen's agent?Harv
36%
What was Mater going to do to get McQueen's tar stain off?Spit on it
34%
What lets Mater drive backwards well?Rear View Mirrors
31%
What does McQueen buy from Luigi?Whitewall tires
30%
What is Chick Hicks's new catchphrase?Ka-chigga!
25%
What falls off Chick Hicks's pit crew?Their mustaches
22%
Where does Sally take McQueen?The Wheel Well
18%
Who was Fillmore listening to in the morning?Jimi Hendrix
17%
What does Lizzie call Casa Della Tires after part of the road is fixed?A dump
15%
What was Ramone painting behind Flo's?A fence
15%
What did the green Hummer get dirt on?His rims
15%
What year was Radiator Springs founded?1909
12%
What does the sticker on Van's bumper say?Nice Butte
12%
What did the race officials say to Doc when he returned after his wreck?You're history
12%
What did Mater tell McQueen to say to everyone if anyone asked where they were?They were smashing mailboxes
11%
Which Radiator Springs townie left 15 years ago?Big Al
10%
What song name is yelled out when McQueen is in the Rusteze tent?Free Bird
10%
What kind of car is Michael Schumacher's friends?Maserati
10%
What does Mack claim his middle name to be?Gas can
9%
What is the name of the track in the beginning of the movie?Motor Speedway of the South
9%
What kind of car is Dusty?Dodge
8%
What record does Doc hold?Most wins in a season
8%
Which car does Chick Hicks spin out, causing a massive pileup?RPM
8%
Which voice actor reappeared in the drive-in scene?John Ratzenberger
7%
What interstate do McQueen and Mack take to California?I-40
5%
Who interviews McQueen after the race?Kori Turbowitz
4%
What is Mrs Weather's first name?Linda
4%
How many cars are at the Los Angeles International Speedway?250000
3%
What does Doc's license plate read?51HHMD
3%
What is the name of the security guard that denies Fred entry?Marco
3%
What three towns are featured on McQueen's bumper stickers?Kingman, Barstow, San Bernardino
2%
What is the name of the truck stop Mack wants to stop at?Top Down Truck Stop
2%

Score Distribution

Percentile by Number Answered

Percent of People with Each Score

Your Score History

You have not taken this quiz